| 000 | 00426nam a2200181Ia 4500 | ||
|---|---|---|---|
| 001 | 7483 | ||
| 005 | 20260306160458.0 | ||
| 008 | 260306t2017||||xx |||||||||||||| ||spa|| | ||
| 041 | _aESP | ||
| 082 |
_a339 _bJ53 |
||
| 100 |
_aJiménez, Félix, _eAUT |
||
| 245 | 0 |
_aMacroeconomía : _benfoques y modelos |
|
| 260 | _c2017 | ||
| 300 |
_a766 páginas : _c25 cm. |
||
| 650 | _aGEN | ||
| 654 | _aCAN | ||
| 942 |
_cLIB _dJUS _fJUS _2ddc _n |
||
| 999 |
_c7483 _d7483 |
||